000 00439nam a22001817a 4500
003 NUST - PNEC
005 20170116181059.0
008 150220b xxu||||| |||| 00| 0 eng d
020 _a-
040 _cLIBRARY
082 _a621.4021 ROB
100 _91363
_aRobinson William
245 _aApplied Thermodynamics
_cWilliam Robinson
250 _a3rd ed.
260 _cc.1997
650 _912281
_aThermodynamics
_xME
942 _2ddc
_cBK
999 _c68699
_d68699